| 000 | 00946nam a22002417a 4500 | ||
|---|---|---|---|
| 999 |
_c7612 _d7612 |
||
| 003 | AR-CdUCM | ||
| 008 | 190321b ||||| |||| 00| 0 spa d | ||
| 040 |
_aMUNICIPALIDAD PROVINCIAL DEL CUSCO _cBIBLIOTECA MUNICIPAL DEL CUSCO |
||
| 041 | _heng | ||
| 082 |
_a339.3 / _bS31 |
||
| 100 |
_aSchultze, Charles L. _921484 |
||
| 245 | _aAnálisis del ingreso nacional / | ||
| 260 |
_aMéxico : _bEditorial hispano americana, _c1965. |
||
| 300 |
_a254 páginas ; _c17 cm. |
||
| 440 |
_aSección 13 economía _n302/302a _921485 |
||
| 505 | _aContenido: Introducción -- Producción e ingreso nacional -- Causas determinantes del producto bruto nacional -- Inversión -- El dinero, los precios y la inflación -- Crecimiento económico en Estados Unidos. | ||
| 650 |
_aEconomía _9382 |
||
| 650 |
_aCapitalismo _93221 |
||
| 650 |
_aCiencias sociales _91096 |
||
| 700 |
_aGuasch Rubio, Luis (traductor) _921486 |
||
| 942 |
_2ddc _cLIBROS |
||
| 945 | _adavv | ||